Championnat de France de Brass Bands (catégorie honneur) - Statistiques

Statistiques générales
  • Ce quiz a été pris 5 fois
  • Le résultat moyen est 4 sur 6
Statistiques - réponses
Nombre de participations Réponse % Correct
7 Paris Brass Band
100%
2 Brass Band de Lyon
75%
14 Brass Band du Nord-Pas-de-Calais / Hauts-de-France Brass Band
75%
9 Brass Band Aeolus
50%
3 Brass Band de Normandie
50%
1 Brass Band des Savoie
50%
Aucun quiz correspondant
Distribution des résultats
% des personnes avec chaque résultat
Percentile par nombre de réponses
Votre historique - résultats
Vous n’avez pas pris ce quiz